000 00319nam a2200133Ia 4500
008 221030s9999 xx 000 0 und d
041 _aEnglish
100 _aS. Singh
245 0 _aWorkshop Practice
_cby S. Singh
260 _bS. K. Kataria
_aNew Delhi
_c2003
300 _a257
650 _aBB Mechanics
942 _cBK
999 _c18813
_d18813